| 000 | 00674nam a22001577a 4500 | ||
|---|---|---|---|
| 003 | OSt | ||
| 005 | 20151007145311.0 | ||
| 008 | 151007b xxu||||| |||| 00| 0 eng d | ||
| 040 | _cRUA | ||
| 082 | _aAVM CHU 2008 B080 Or.1 | ||
| 100 |
_92280 _aCHUN, SREYTOUCH. |
||
| 245 | _aStudy on cattle growth by using natural pasture in chhum kiri district, kampot province, ការសិក្សាកំណើនលូតលាស់របស់គោដោយប្រើវាលស្នៅធម្មជាតិនៅស្រុកជុំគីរី ខេត្តកំពត | ||
| 260 |
_aPhnom Penh _bRUA _c2008 |
||
| 300 |
_avii; 35p. _bill. _c29cm. |
||
| 942 |
_2ddc _cAVM |
||
| 999 |
_c2149 _d2149 |
||